| Tag |
First Indicator |
Second Indicator |
Subfields |
| LEADER |
00000cem a2200000 i 4500 |
| 001 |
in00004675331 |
| 007 |
aj canzn |
| 008 |
230103s2021 vauag cc a f 1 eng c |
| 005 |
20230505202339.2 |
| 035 |
|
|
|a (OCoLC)on1356727917
|
| 040 |
|
|
|a GPO
|b eng
|e rda
|c GPO
|d GPO
|d UBY
|
| 020 |
|
|
|a 9781411344044
|
| 020 |
|
|
|a 1411344049
|
| 034 |
1 |
|
|a a
|b 100000
|d W1130000
|e W1120000
|f N0343000
|g N0340000
|
| 035 |
|
|
|a (OCoLC)1356727917
|
| 042 |
|
|
|a pcc
|
| 043 |
|
|
|a n-us-az
|
| 052 |
|
|
|a 4331
|
| 052 |
|
|
|a 4333
|b M3
|b Y3
|
| 074 |
|
|
|a 0619-G-16
|
| 086 |
0 |
|
|a I 53.11/4:34112-A 1-TM-100/2021
|
| 090 |
|
|
|a G3701.G5 s100
|b .U5 Bradshaw Mountains, AZ (SM) 2021
|
| 049 |
|
|
|a TXAM
|
| 110 |
1 |
|
|a United States.
|b Bureau of Land Management.
|e cartographer.
|
| 245 |
1 |
0 |
|a Arizona.
|p Bradshaw Mountains :
|b 1;100,000 -scale topographic map : 30 x 60 minute series (topographic) /
|c edited and published by the Bureau of Land Management, National Operations Center in cooperation with the Bureau of Land Management Arizona State Office.
|
| 246 |
1 |
|
|i Filing title:
|a Bradshaw Mountains, Arizona
|
| 250 |
|
|
|a BLM, 2021.
|
| 255 |
|
|
|a Scale 1:100,000 ;
|b Lambert conformal conic projection
|c (W 113°00ʹ--W 112°00ʹ/N 34°30ʹ--N 34°00ʹ).
|
| 264 |
|
1 |
|a [Reston, Va.] :
|b U.S. Department of the Interior, Bureau of Land Management,
|c 2021.
|
| 264 |
|
1 |
|a Phoenix, AZ :
|b For sale by U.S. Department of the Interior, Bureau of Land Management, Arizona State Office.
|
| 300 |
|
|
|a 1 map :
|b color ;
|c 56 x 92 cm
|
| 336 |
|
|
|a cartographic image
|b cri
|2 rdacontent
|
| 337 |
|
|
|a unmediated
|b n
|2 rdamedia
|
| 338 |
|
|
|a sheet
|b nb
|2 rdacarrier
|
| 490 |
1 |
|
|a Surface management status
|
| 490 |
1 |
|
|a 30 x 60 minute series, Topographic
|
| 500 |
|
|
|a Relief shown by contours and spot heights.
|
| 500 |
|
|
|a Shows township and range lines.
|
| 500 |
|
|
|a USGS base map dated 1981.
|
| 500 |
|
|
|a Includes location map, township diagram, and indexes to adjoining maps and to 1:24,000-scale maps.
|
| 500 |
|
|
|a Designed to be folded to 23 x 11 cm.
|
| 650 |
|
0 |
|a Land use, Rural
|z Arizona
|v Maps.
|
| 651 |
|
0 |
|a Maricopa County (Ariz.)
|v Maps.
|
| 651 |
|
0 |
|a Yavapai County (Ariz.)
|v Maps.
|
| 650 |
|
7 |
|a Land use, Rural.
|2 fast
|0 (OCoLC)fst00991587
|
| 651 |
|
7 |
|a Arizona.
|2 fast
|0 (OCoLC)fst01204820
|
| 655 |
|
7 |
|a Maps.
|2 fast
|0 (OCoLC)fst01423704
|
| 655 |
|
7 |
|a Maps.
|2 lcgft
|
| 710 |
2 |
|
|a National Operations Center (U.S.),
|e editor.
|
| 710 |
1 |
|
|a United States.
|b Bureau of Land Management.
|b Arizona State Office,
|e distributor.
|
| 810 |
1 |
|
|a United States.
|b Bureau of Land Management.
|t Surface management status.
|
| 830 |
|
0 |
|a 30 x 60 minute series (topographic)
|
| 994 |
|
|
|a C0
|b TXA
|
| 999 |
f |
f |
|s f9f25566-d26d-438e-9dda-049d152154f3
|i b959ea71-7261-467f-b178-2195e3e9bb3a
|t 0
|
| 952 |
f |
f |
|p normal
|a Texas A&M University
|b College Station
|c Sterling C. Evans Library
|d Evans: Maps (2nd floor)
|t 0
|e G3701.G5 s100 .U5 Bradshaw Mountains, AZ (SM) 2021
|h Library of Congress classification
|i unmediated -- sheet
|m A14852538728
|
| 998 |
f |
f |
|a G3701.G5 s100 .U5 Bradshaw Mountains, AZ (SM) 2021
|t 0
|l Evans: Maps (2nd floor)
|